| 000 | 00442nam a22001697a 4500 | ||
|---|---|---|---|
| 003 | LK-CoDNM | ||
| 005 | 20240912111335.0 | ||
| 008 | 240912b |||||||| |||| 00| 0 eng d | ||
| 040 |
_aLK-CoDNM _dLK-CoDNM _eLK-CoDNM |
||
| 041 | _adum | ||
| 080 |
_a6 _bM13 |
||
| 100 | _asarasin,Paul | ||
| 245 | _aForschungen Auf Ceylon Part III | ||
| 260 |
_aC,W.Kreidel's Verlag _bViesbaden _c1892-1893 |
||
| 300 | _aill , ill , map ; 37cm | ||
| 942 | _cBK | ||
| 999 |
_c151996 _d151996 |
||